Jennifer Lawrence Movies - Statistics

General Stats
  • This quiz has been taken 47 times
    16 since last reset
  • The average score is 12 of 28
Answer Stats
Year Movie % Correct
2012 Silver Linings Playbook
100%
2012 The Hunger Games
88%
2017 Mother!
69%
2018 Red Sparrow
69%
2011 X-Men: First Class
69%
2013 American Hustle
63%
2015 Joy
63%
2016 Passengers
63%
2021 Don't Look Up
56%
2013 The Hunger Games: Catching Fire
56%
2010 Winter's Bone
56%
2014 The Hunger Games: Mockingjay Part 1
50%
2015 The Hunger Games: Mockingjay Part 2
50%
2019 X-Men: Dark Phoenix
50%
2014 X-Men: Days of Future Past
50%
2016 X-Men: Apocalypse
44%
2012 House at the End of the Street
38%
2023 No Hard Feelings
38%
2014 Serena
38%
2011 The Beaver
31%
2025 Die, My Love
25%
2008 The Poker House
25%
2022 Causeway
13%
2008 Garden Party
13%
2011 Like Crazy
13%
2008 The Burning Plain
6%
2013 The Devil You Know
6%
2026 The Hunger Games: Sunrise on the Reaping
6%
No matching quizzes found
Score Distribution
Percent of People with Each Score
Percentile by Number Answered
Your Score History
You have not taken this quiz since the last reset